The prayers and tears of Jacques Derrida. Religion without religion.

Bewaard in:
Bibliografische gegevens
Hoofdauteur: Caputo, John (Auteur)
Formaat: Onbekend
Gepubliceerd in: Bloomington , USA: Indiana University Press, 1997.
Reeks:The Indiana series in the philosophy of religion.
Onderwerpen:
Tags: Voeg label toe
Geen labels, Wees de eerste die dit record labelt!

MARC

LEADER 00000 a2200000 4500
003 CL-VaPUC
005 20231106131358.0
008 231031t1997 ||||| |||| 00| 0 eng d
999 |c 442127  |d 442125 
020 |a 9780253211125 
040 |c Pontificia Universidad Católica de Valparaíso 
082 7 |a 194 CAP 1997  |2 22 
100 |a Caputo, John  |9 578384  |e author 
245 |a The prayers and tears of Jacques Derrida.  |b Religion without religion. 
260 |a Bloomington , USA:  |b Indiana University Press,  |c 1997. 
300 |a xxix, 379 paginas.  
490 |a  The Indiana series in the philosophy of religion. 
583 |k GC  |c 20231031 
600 0 |a Derrida, Jacques   |9 449254  |d 1930-2004  |x Religión 
650 0 |a Deconstrucción   |9 455708 
650 |a Irreligiosidad   |9 320642 
942 |2 ddc  |c BK 
952 |0 0  |1 0  |2 ddc  |4 0  |6 194_000000000000000_CAP_1997  |7 0  |8 A  |9 592199  |a BIBTEO  |b BIBTEO  |c GEN  |d 2023-10-31  |e 1  |g 35880.00  |i 5659251  |l 1  |m 2  |o 194 CAP 1997  |p 5659251  |r 2025-01-17  |s 2023-12-11  |t 1  |v 35880.00  |w 2023-10-31  |y BK  |k ICR